000 00962nas a2200301 4500
001 BR0405402
003 BR-BrBNA
005 20231205104948.0
007 ta
008 230509b bl.|||p| |||| 00| 00por d
040 _aBR-BrBNA
_bpor
_cBiblioteca Nacional de Agricultura
041 _a(Pt)
072 _aP33
100 1 _aEguchi, E.S.
100 1 _aSilva, E.L. da
100 1 _aOliveira, M.S. de
245 1 _aVariabilidade espacial da condutividade hidráulica do solo saturado e da taxa de infiltração básica determinadas "in situ"
650 _aSOLO HIDROMÓRFICO
650 _aSATURAÇÃO
650 _aMÉTODO ESTATÍSTICO
650 _aAMOSTRAGEM
650 _aDRENAGEM
650 _aIRRIGAÇÃO
650 _aCONDUTIVIDADE HIDRÁULICA
773 0 _tCiência e Agrotecnologia (Brazil)
_xISSN 1413-7054
_g(Dec 2003), v. 27(Special number) p. 1607-1613
_wBR0405402
909 _a202311
_bLúcia
_c55
_dLúcia Elande
942 _2AGRIS
_n0
_cANA
999 _c180514
_d180514